LEADER 01830nam a2200301 4500 001 000000363626 003 CaOOAMICUS 005 20250717124225.0 008 250717s2013 it a 000 u mul r 020 $a978-88-6372-402-8 040 $aSeMil$bita 245 04$aThe Christian topography of Kosmas Indikopleustes :$bFirenze, Biblioteca Medicea Laurenziana, Plut. 9.28 : the map of the universe redrawn in the sixth century /$c/ edited by Jeffrey C. Anderson ; contributions by Jeffrey C. Anderson ... [et al.] ; with a contribution on the Slavic recensions. 264 1$aRoma :$bEdizioni di Storia e Letteratura,$c2013. 300 $aXI, 118 p., [40] carte di tav. :$bill. ;$c30 cm 490 1 $aFolia picta. Manoscritti miniati medievali ;$v3 546 $aTesto in inglese e italiano 650 4$aManoscritti miniati - Firenze.$0(OLS)http://semarc/subject/58261 650 4$aFirenze - Biblioteca Medicea Laurenziana - Manoscritti - Plut. 9.28.$0(OLS)http://semarc/subject/58262 650 4$aCosma : Indicopleuste . Topographia Christiana.$0(OLS)http://semarc/subject/58263 650 4$aCosmologia - Cataloghi.$0(OLS)http://semarc/subject/50782 700 1 $aAnderson, Jeffrey C.$0(OLS)http://semarc/name/122441 830 0$aFolia picta ;$v3.$0(OLS)http://semarc/title/454163 850 $aSeMil 852 $aSeMil$W1$xVenegono$y1$m3Y VI 26$j259857$B254479$CSeMilBibl$Z2$F254479 $81 996 $6020$a978-88-6372-402-8$9(OLS)http://semarc/number/303672 996 $6245$aThe Christian topography of Kosmas Indikopleustes :$bFirenze, Biblioteca Medicea Laurenziana, Plut. 9.28 : the map of the universe redrawn in the sixth century$9(OLS)http://semarc/title/454895 996 $6264$aRoma :$bEdizioni di Storia e Letteratura$9(OLS)http://semarc/publisher/29779 LEADER 00954nam a2200241 i 4500 001 000000207027 003 CaOOAMICUS 005 20160321000000.0 008 160321s1937 it u000 u ita u 013 $a185802 040 $aSeMil$bita 100 1 $aAlfieri, Vittorio,$d<1749-1803>.$0(OLS)http://semarc/name/1242 245 10$aRosmunda /$cVittorio Alfieri ; con introduzione e commento di Riccardo Rugani. 260 $aFirenze :$bVallecchi,$c1937. 300 $a146 p. ;$c20 cm. 490 0 $aBiblioteca di classici italiani 700 1 $aRugani, Riccardo.$0(OLS)http://semarc/name/62708 830 0$aBiblioteca di classici italiani.$0(OLS)http://semarc/title/9081 850 $aSeMil 852 $aSeMil$W1$xVenegono$y1$m1A II 117$j157490$B157490$CSeMilBibl$Z2$F209999 $81 961 $aLascito: Calori don Carlo 996 $6245$aRosmunda$9(OLS)http://semarc/title/299399 996 $6260$aFirenze :$bVallecchi$9(OLS)http://semarc/publisher/29768